[Event "Marianske Lazne op 14th"]
[Site "Marianske Lazne"]
[Date "2015.01.17"]
[Round "1"]
[White "Kolovratnik, Milos"]
[Black "Lipski, Lukasz"]
[Result "1-0"]
[WhiteElo "2087"]
[BlackElo "1633"]
[PlyCount "27"]
[EventDate "2015.01.17"]
[EventType "swiss"]
[EventRounds "9"]
[EventCountry "CZE"]
[SourceTitle "CBM 164 Extra"]
[Source "ChessBase"]
[SourceDate "2015.03.02"]
[SourceVersion "1"]
[SourceVersionDate "2015.03.02"]
[SourceQuality "1"]

1. d4 Nf6 2. Nf3 e6 3. g3 b6 4. Bg2 d5 5. 0-0 Ba6 6. Ne5 Bd6 7. c4 0-0 8. Nc3 c5 9. cxd5 cxd4 10. Qxd4 Qc7 11. Bf4 g5 12. dxe6 gxf4 13. Nxf7 Be7 14. Nd5 1-0

[Event "CZE-chT2D 1213"]
[Site "Czech Republic"]
[Date "2013.02.17"]
[Round "9.5"]
[White "Holasek, Pavel"]
[Black "Kolovratnik, Milos"]
[Result "1-0"]
[WhiteElo "2048"]
[BlackElo "2131"]
[PlyCount "49"]
[EventDate "2012.10.14"]
[EventType "team-tourn"]
[EventRounds "11"]
[EventCountry "CZE"]
[SourceTitle "EXT 2016"]
[Source "ChessBase"]
[SourceDate "2015.10.08"]
[SourceVersion "1"]
[SourceVersionDate "2015.10.08"]
[SourceQuality "1"]
[WhiteTeam "Usti nad Orlici"]
[BlackTeam "Ceska Trebova"]
[WhiteTeamCountry "CZE"]
[BlackTeamCountry "CZE"]

1. e4 e6 2. d3 d5 3. Nd2 Nf6 4. Ngf3 b6 5. g3 Bb7 6. e5 Nfd7 7. Bg2 c5 8. 0-0 Nc6 9. Re1 Qc7 10. Qe2 h6 11. Nf1 g5 12. h4 g4 13. N3h2 h5 14. Bf4 Bg7 15. f3 Bxe5 16. Bxe5 Ndxe5 17. fxg4 Nxg4 18. Nxg4 hxg4 19. Qxg4 0-0-0 20. c3 Rdg8 21. Qf3 Ne7 22. Qxf7 Nf5 23. Qxe6+ Qd7 24. Qxd7+ Kxd7 25. Bh3 1-0

[Event "Marianske Lazne op 12th"]
[Site "Marianske Lazne"]
[Date "2013.01.23"]
[Round "6"]
[White "Vlasak, Lukas"]
[Black "Kolovratnik, Milos"]
[Result "1-0"]
[WhiteElo "2326"]
[BlackElo "2131"]
[PlyCount "79"]
[EventDate "2013.01.19"]
[EventType "swiss"]
[EventRounds "9"]
[EventCountry "CZE"]
[SourceTitle "CBM 152 Extra"]
[Source "ChessBase"]
[SourceDate "2013.02.25"]
[SourceVersion "1"]
[SourceVersionDate "2013.02.25"]
[SourceQuality "1"]

1. e4 e6 2. d3 d5 3. Qe2 dxe4 4. dxe4 e5 5. Nf3 Nc6 6. c3 Nf6 7. Bg5 h6 8. Bh4 Bg4 9. h3 Be6 10. Qc2 a6 11. Nbd2 g5 12. Bg3 Nd7 13. Bc4 Qf6 14. 0-0-0 Bc5 15. Kb1 0-0-0 16. b4 Ba7 17. a4 Bxc4 18. Nxc4 Qe6 19. Qa2 b5 20. axb5 axb5 21. Ncxe5 Qxa2+ 22. Kxa2 Ndxe5 23. Bxe5 Nxe5 24. Nxe5 Rde8 25. Rd5 Bxf2 26. Rf1 Bg3 27. Nxf7 Rh7 28. Rff5 Rxe4 29. Rd8+ Kb7 30. Rxb5+ Kc6 31. Rc5+ Kb7 32. Rf8 Re2+ 33. Kb3 Rf2 34. Nd8+ Kc8 35. Rg8 Kd7 36. Nb7 Rxg2 37. Rc4 Rf7 38. Nc5+ Kd6 39. Rg6+ Ke7 40. Re4+ 1-0

[Event "CZE-chT2D 1213"]
[Site "Czech Republic"]
[Date "2012.12.02"]
[Round "4.4"]
[White "Trhal, Tomas"]
[Black "Kolovratnik, Milos"]
[Result "1-0"]
[WhiteElo "2119"]
[BlackElo "2131"]
[PlyCount "41"]
[EventDate "2012.10.14"]
[EventType "team-tourn"]
[EventRounds "11"]
[EventCountry "CZE"]
[SourceTitle "EXT 2016"]
[Source "ChessBase"]
[SourceDate "2015.10.08"]
[SourceVersion "1"]
[SourceVersionDate "2015.10.08"]
[SourceQuality "1"]
[WhiteTeam "Vysoke Myto"]
[BlackTeam "Ceska Trebova"]
[WhiteTeamCountry "CZE"]
[BlackTeamCountry "CZE"]

1. e4 e6 2. d4 d5 3. Nd2 Nf6 4. e5 Nfd7 5. Bd3 c5 6. c3 Nc6 7. Ne2 cxd4 8. cxd4 Qb6 9. Nf3 f6 10. exf6 Nxf6 11. 0-0 Bd6 12. Re1 0-0 13. Ng3 Kh8 14. Bc2 Qc7 15. Bg5 e5 16. Bxf6 gxf6 17. Bb3 e4 18. Nh4 Ne7 19. Qh5 f5 20. Qh6 Bf4 21. Qxf8+ 1-0

[Event "Ceska Trebova op 3rd"]
[Site "Ceska Trebova"]
[Date "2007.08.11"]
[Round "2"]
[White "Kolovratnik, Milos"]
[Black "Rojicek, Vojtech"]
[Result "1-0"]
[WhiteElo "2140"]
[BlackElo "2354"]
[PlyCount "123"]
[EventDate "2007.08.10"]
[EventType "swiss"]
[EventRounds "9"]
[EventCountry "CZE"]
[SourceTitle "CBM 119 Extra"]
[Source "ChessBase"]
[SourceDate "2007.09.04"]
[SourceVersion "1"]
[SourceVersionDate "2007.09.04"]
[SourceQuality "1"]

1. d4 Nf6 2. Nf3 g6 3. c4 d6 4. Nc3 Nbd7 5. e4 e5 6. d5 Bg7 7. Be2 0-0 8. 0-0 Nc5 9. Qc2 a5 10. Ne1 b6 11. f3 Nh5 12. Nd3 Bf6 13. Be3 Bg5 14. Bf2 Bd7 15. a3 a4 16. Nxc5 bxc5 17. b4 axb3 18. Qxb3 Bh6 19. Rfb1 Qg5 20. Bf1 Rab8 21. Qxb8 Rxb8 22. Rxb8+ Kg7 23. Rb2 Nf4 24. Kh1 Bc8 25. a4 f5 26. a5 Ba6 27. Nb5 Qd8 28. Na7 fxe4 29. fxe4 Qd7 30. Nc6 Qg4 31. Bg1 Nh5 32. Nb8 Bf4 33. Ra3 Bc1 34. Rba2 Bxa3 35. Rxa3 Qd1 36. Nxa6 Qxf1 37. Nxc7 Nf4 38. Ne6+ Nxe6 39. dxe6 Qc1 40. Rf3 Qxc4 41. Rf7+ Kh6 42. Rc7 Qxe6 43. a6 Qa2 44. a7 Qa1 45. h3 Kg5 46. Rf7 h6 47. Kh2 Qa2 48. Be3+ Kh5 49. Rf8 Qxa7 50. g4+ Kh4 51. Bf2+ Kg5 52. Kg3 Qa3+ 53. Rf3 Qxf3+ 54. Kxf3 h5 55. h4+ Kf6 56. gxh5 gxh5 57. Ke3 Ke6 58. Kd3 Kd7 59. Kc4 Kc6 60. Be3 Kc7 61. Bh6 Kd7 62. Bf8 1-0

[Event "Tatry op"]
[Site "Tatranske Zruby"]
[Date "2002.10.03"]
[Round "7"]
[White "Schwarz, Dusan"]
[Black "Kolovratnik, Milos"]
[Result "0-1"]
[WhiteElo "2203"]
[BlackElo "2092"]
[PlyCount "66"]
[EventDate "2002.09.28"]
[EventType "swiss"]
[EventRounds "9"]
[EventCountry "SVK"]
[SourceTitle "EXT 2005"]
[Source "ChessBase"]
[SourceDate "2004.11.15"]
[SourceVersion "1"]
[SourceVersionDate "2004.11.15"]
[SourceQuality "1"]

1. e4 e6 2. d4 d5 3. Nc3 Bb4 4. e5 c5 5. a3 Bxc3+ 6. bxc3 Bd7 7. Nf3 Ba4 8. h4 Nc6 9. h5 Qc7 10. h6 Nxh6 11. Bxh6 gxh6 12. Qd2 0-0-0 13. Bd3 Rdg8 14. g3 Rg4 15. Rb1 cxd4 16. cxd4 Nxd4 17. Nxd4 Rxd4 18. f4 Bc6 19. Rxh6 Ra4 20. Rb3 d4 21. Rb4 Rxa3 22. Rxd4 Qb6 23. c3 Qc5 24. Rxh7 Rxh7 25. Bxh7 Bd5 26. g4 Rxc3 27. g5 a5 28. g6 fxg6 29. Bxg6 Rg3 30. Be4 Bxe4 31. Rd8+ Kc7 32. Qd7+ Kb6 33. Qd6+ Bc6 0-1

[Event "Tatry op"]
[Site "Tatranske Zruby"]
[Date "2002.09.30"]
[Round "3"]
[White "Harasta, Vladimir"]
[Black "Kolovratnik, Milos"]
[Result "1-0"]
[WhiteElo "2190"]
[BlackElo "2092"]
[PlyCount "45"]
[EventDate "2002.09.28"]
[EventType "swiss"]
[EventRounds "9"]
[EventCountry "SVK"]
[SourceTitle "EXT 2005"]
[Source "ChessBase"]
[SourceDate "2004.11.15"]
[SourceVersion "1"]
[SourceVersionDate "2004.11.15"]
[SourceQuality "1"]

1. c4 Nf6 2. Nc3 e6 3. e4 d5 4. e5 d4 5. exf6 dxc3 6. bxc3 Qxf6 7. d4 e5 8. Nf3 exd4 9. Bg5 Qe6+ 10. Be2 f6 11. Nxd4 Qf7 12. Bf4 Na6 13. 0-0 Bd7 14. Bh5 g6 15. Re1+ Be7 16. Bf3 0-0-0 17. Bd5 Qg7 18. Bxb7+ Kxb7 19. Rb1+ Bb4 20. Qf3+ c6 21. cxb4 Rhe8 22. b5 Rxe1+ 23. Rxe1 1-0

[Event "Faakersee op 18th"]
[Site "Latschach"]
[Date "2002.08.15"]
[Round "7"]
[White "Perhinig, Robert"]
[Black "Kolovratnik, Milos"]
[Result "1-0"]
[WhiteElo "2236"]
[BlackElo "2092"]
[PlyCount "119"]
[EventDate "2002.08.??"]
[EventType "swiss"]
[EventRounds "9"]
[EventCountry "AUT"]
[SourceTitle "EXT 2006"]
[Source "ChessBase"]
[SourceDate "2005.11.24"]
[SourceVersion "1"]
[SourceVersionDate "2005.11.24"]
[SourceQuality "1"]

1. d4 Nf6 2. c4 c5 3. d5 e5 4. Nc3 d6 5. e4 g6 6. f3 Bg7 7. Be3 0-0 8. g4 Ne8 9. Qd2 f5 10. gxf5 gxf5 11. 0-0-0 f4 12. Bf2 a6 13. h4 Qa5 14. Bh3 Nc7 15. Bxc8 Rxc8 16. Nh3 b5 17. Kb1 bxc4 18. Rhg1 Nb5 19. Be1 Nxc3+ 20. Qxc3 Qb5 21. Qc2 Ra7 22. Ng5 Kh8 23. Ne6 Bf6 24. Rg4 Nd7 25. Bc3 Nf8 26. Nxf4 Rg7 27. Qg2 Qe8 28. Rg1 Rcc7 29. Qh3 Qf7 30. Ng2 h5 31. Rg3 Rxg3 32. Qxg3 Qg6 33. Ne3 Rg7 34. Qxg6 Rxg6 35. Rh1 Rg3 36. Nxc4 Rxf3 37. Nxd6 Ng6 38. Nf5 Rf4 39. Rg1 Kh7 40. Re1 Nxh4 41. Nxh4 Rxh4 42. d6 Rg4 43. d7 h4 44. Bxe5 Bd8 45. Bb8 h3 46. Rh1 Rh4 47. Bg3 Rh5 48. Kc2 Kg6 49. Kd3 Kf7 50. Ke3 Ke6 51. Rd1 Rh7 52. Kf3 Rxd7 53. Rh1 Rh7 54. b3 Bf6 55. Kg4 a5 56. Rxh3 Rg7+ 57. Kf3 a4 58. bxa4 Ra7 59. Rh6 Rxa4 60. Bh4 1-0

[Event "Faakersee op 18th"]
[Site "Latschach"]
[Date "2002.08.13"]
[Round "5"]
[White "Praznik, Niko"]
[Black "Kolovratnik, Milos"]
[Result "1-0"]
[WhiteElo "2283"]
[BlackElo "2092"]
[PlyCount "168"]
[EventDate "2002.08.??"]
[EventType "swiss"]
[EventRounds "9"]
[EventCountry "AUT"]
[SourceTitle "EXT 2006"]
[Source "ChessBase"]
[SourceDate "2005.11.24"]
[SourceVersion "1"]
[SourceVersionDate "2005.11.24"]
[SourceQuality "1"]

1. e4 c6 2. d4 d5 3. e5 c5 4. c3 Nc6 5. Be3 e6 6. Nf3 Qb6 7. Qd2 c4 8. Be2 Bd7 9. 0-0 Nh6 10. Bxh6 gxh6 11. Qc2 Be7 12. Nbd2 f6 13. b3 cxb3 14. axb3 0-0 15. exf6 Bxf6 16. Bd3 Rf7 17. Rae1 Qc7 18. Re3 e5 19. dxe5 Nxe5 20. Nxe5 Bxe5 21. Nf3 Bf4 22. Ree1 Bg4 23. Nd4 Bxh2+ 24. Kh1 Be5 25. Bf5 Bxd4 26. Bxg4 Qxc3 27. Qxc3 Bxc3 28. Rc1 Rc7 29. Be6+ Kg7 30. Bxd5 Rd8 31. Bxb7 Be5 32. Rxc7+ Bxc7 33. Ba6 Kf6 34. Bc4 Bb6 35. f3 Rd4 36. Kh2 Bc7+ 37. Kh3 Bb6 38. Re1 Rd6 39. Re8 h5 40. Rh8 Kg7 41. Rg8+ Kf6 42. Kh4 Rd1 43. Kxh5 Rh1+ 44. Kg4 h5+ 45. Kf4 Bc7+ 46. Ke3 h4 47. Rf8+ Kg6 48. f4 h3 49. gxh3 Rxh3+ 50. Ke4 Rh4 51. Kf3 Bd6 52. Bd3+ Kg7 53. Rf5 Bb4 54. Ke4 Rh6 55. Bc4 Rf6 56. Rb5 Rb6 57. Re5 a5 58. Re8 Rh6 59. Rd8 Rh1 60. Kf5 Rh5+ 61. Kg4 Rh4+ 62. Kf5 Rh5+ 63. Ke4 Rh4 64. Rd7+ Kg6 65. Be2 Kf6 66. Rd5 Rh8 67. Rf5+ Ke7 68. Re5+ Kd6 69. Bc4 Rh6 70. Rf5 Bc3 71. Rb5 Rh4 72. Rf5 Rh6 73. Rf8 Rh4 74. Rf7 Kc6 75. Kf5 Rh2 76. Re7 Rf2 77. Re4 Rh2 78. Kg4 Rg2+ 79. Kf3 Rg7 80. f5 Kd6 81. Re6+ Kc5 82. Kf4 Rf7 83. Kg5 Rg7+ 84. Kh6 Rf7 1-0

[Event "CZE-chTV 0102"]
[Site "Czech Republic"]
[Date "2001.??.??"]
[Round "8"]
[White "Korol, Jiri"]
[Black "Kolovratnik, Milos"]
[Result "1-0"]
[WhiteElo "2096"]
[BlackElo "1000"]
[PlyCount "43"]
[EventDate "2001.??.??"]
[EventType "team"]
[EventRounds "11"]
[EventCountry "CZE"]
[SourceTitle "EXT 2003"]
[Source "ChessBase"]
[SourceDate "2002.11.25"]
[SourceVersion "1"]
[SourceVersionDate "2002.11.25"]
[SourceQuality "1"]
[WhiteTeam "Infinity B"]
[BlackTeam "Rychnov nad Kneznou"]
[WhiteTeamCountry "CZE"]
[BlackTeamCountry "CZE"]

1. e4 d6 2. d4 Nf6 3. Nc3 g6 4. f4 Bg7 5. Nf3 c5 6. Bb5+ Bd7 7. e5 Nh5 8. g4 Bxb5 9. Nxb5 Qd7 10. Qe2 a6 11. Nc3 cxd4 12. Nd5 dxe5 13. Nb6 Qc6 14. Nxa8 Nxf4 15. Bxf4 exf4 16. 0-0-0 Nd7 17. Rhe1 0-0 18. Nxd4 Qa4 19. Qxe7 Rxa8 20. Nb3 Nf8 21. Qxb7 Re8 22. Nc5 1-0